#1 Język włoski słownictwo - Statystyki

Ogólne statystyki
  • Ten quiz został rozwiązany 95 razy
    65 od ostatniego zresetowania
  • Średni wynik to 37 z 102
Statystyki odpowiedzi
Wskazówka Odpowiedź % Poprawnych
Sobota Sabato
71%
Poniedziałek Lunedì
64%
Trzy Tre
64%
Jeden Uno
64%
Biały Bianco
57%
Dziesięć Dieci
57%
Niedziela Domenica
57%
Dwa Due
57%
Wtorek Martedì
57%
Dziewięć Nove
57%
Osiem Otto
57%
Cztery Quattro
57%
Sześć Sei
57%
Siedem Sette
57%
Jedenaście Undici
57%
Piątek Venerdì
57%
Niebieski Blu
50%
Pięć Cinque
50%
Dziewiętnaście Diciannove
50%
Siedemnaście Diciassette
50%
Dwanaście Dodici
50%
Maj maggio
50%
Marzec marzo
50%
Środa Mercoledì
50%
Czarny Nero
50%
Noc notte
50%
Dziewięćdziesiąt Novanta
50%
Osiemdziesiąt Ottanta
50%
Czterdzieści Quaranta
50%
Czerwony Rosso
50%
Szesnaście Sedici
50%
Siedemdziesiąt Settanta
50%
Trzynaście Tredici
50%
Dwadzieścia Venti
50%
Sierpień agosto
43%
Kwiecień aprile
43%
Sto Cento
43%
Pięćdziesiąt Cinquanta
43%
Grudzień dicembre
43%
Osiemnaście Diciotto
43%
Luty febbraio
43%
Styczeń gennaio
43%
Czwartek Giovedì
43%
Lipiec luglio
43%
Rano mattina
43%
Listopad novembre
43%
Dziś Oggi
43%
Czternaście Quattordici
43%
Piętnaście Quindici
43%
Wieczór sera
43%
Sześćdziesiąt Sessanta
43%
Dziś wieczorem Stasera
43%
Południe sud
43%
Czas tempo
43%
Trzydzieści Trenta
43%
Zielony Verde
43%
Fioletowy Viola
43%
Jutro Domani
36%
Wczoraj Ieri
36%
Północ nord
36%
Październik ottobre
36%
Zawsze Sempre
36%
Wrzesień settembre
36%
Teraz Adesso / Ora
29%
Szczęśliwy / Zadowolony Felice
29%
Żółty Giallo
29%
Szary Grigio
29%
Nigdy Mai
29%
Brązowy Marrone
29%
Popołudnie pomeriggio
29%
Kiedy? Quando?
29%
W tym roku Quest’Anno
29%
W tym tygodniu Questa Settimana
29%
Różowy Rosa
29%
Tej nocy / Dzisiaj w nocy Stanotte
29%
Smutny Triste
29%
Czerwiec giugno
21%
Południe mezzogiorno
21%
Zachód ovest
21%
Potem Poi
21%
Pomarańczowy Arancione
14%
Zły / Wkurzony Arrabbiato / Arrabbiata
14%
Jasnoniebieski / błękitny Azzurro
14%
Zadowolony / Zadowolona Contento / Contenta
14%
Wschód est
14%
Dziś rano Questa Mattina
14%
Zaskoczony / Zaskoczona Sorpreso / Sorpresa
14%
Zmęczony / Zmęczona Stanco / Stanca
14%
Czasem a volte
7%
Zazdrosny / Zazdrosna Geloso / Gelosa
7%
Przestraszony / Strach Paura
7%
Później Più tardi
7%
Wcześniej Prima
7%
Od razu/Natychmiast Subito
7%
Zaniepokojony / Niespokojny Ansioso / Ansiosa
0%
Rozczarowany / Rozczarowana Deluso / Delusa
0%
Podekscytowany / Entuzjastyczny Entusiasta
0%
Zawstydzony / Zawstydzona Imbarazzato / Imbarazzata
0%
Zakochany / Zakochana Innamorato / Innamorata
0%
Zaniepokojony / Zaniepokojona Preoccupato / Preoccupata
0%
Zadziwiony Sorprendente / Sorprendente
0%
Za chwilę / Zaraz Tra poco
0%
Nie znaleziono quizów pasujących do podanych kryteriów
Rozkład punktacji
Procent ludzi z każdym wynikiem
Percentyl według liczby udzielonych odpowiedzi
Twoja historia wyników
Nie rozwiązałeś tego quizu od ostatniego zresetowania